| 000 | 00601nam a2200193Ia 4500 | ||
|---|---|---|---|
| 003 | GCL | ||
| 008 | 140319s9999 xx 000 0 ara d | ||
| 040 |
_aGCL / _cGCL |
||
| 082 | 0 | 4 |
_a413 _bم م |
| 100 | 1 | _aالمنظمة العربية للتربية والثقافة | |
| 245 | 1 | 0 |
_aالمعجم العربى الاساسى / _cالمنظمة العربية للتربية والثقافة |
| 260 |
_a[S.N] : _bلاروس |
||
| 300 | _a1343 ص | ||
| 490 | _a | ||
| 650 | 0 | 4 | _aاللغة العربية |
| 650 | 0 | 4 | _aالمعاجم |
| 650 | 0 | 4 | _aالمعاجم العربية |
| 942 |
_2ddc _cBK |
||
| 999 |
_c37450 _d37450 |
||